Sustainability and Visitor Management in Tourist Historic Cities (Record no. 14590)

MARC details
000 -LEADER
fixed length control field 01001nam a2200121Ia 4500
008 - FIXED-LENGTH DATA ELEMENTS--GENERAL INFORMATION
fixed length control field 220615s9999||||xx |||||||||||||| ||und||
245 #0 - TITLE STATEMENT
Title Sustainability and Visitor Management in Tourist Historic Cities
546 ## - LANGUAGE NOTE
Language note English[eng]
650 ## - SUBJECT ADDED ENTRY--TOPICAL TERM
Topical term or geographic name entry element tourism development||residents’ opinions||residents’ perceptions||tourism impacts||historic city||cultural tourism||Toledo||“big events”||experiential tourism||Matera “European Capital of Culture 2019”||vulnerability||right to the city||tourism rents||Seville||tourist movement||GPS||NFC||tourist card||questionarie||tourism destination||big data||tourism sustainability||official statistics||indicators||urban tourism||culture-led regeneration||cultural capital||sustainability||Porto city centre||overtourism||Venice||social impacts||residents’ perception
700 ## - ADDED ENTRY--PERSONAL NAME
Personal name Lois González, Rubén Camilo||Guilarte, Yamilé||Lopez, Lucrezia
856 ## - ELECTRONIC LOCATION AND ACCESS
Uniform Resource Identifier <a href="https://mdpi.com/books/pdfview/book/2730">https://mdpi.com/books/pdfview/book/2730</a>
942 ## - ADDED ENTRY ELEMENTS (KOHA)
Koha item type E-Books
Holdings
Withdrawn status Lost status Damaged status Not for loan Home library Current library Date acquired Total Checkouts Date last seen Price effective from Koha item type
        Kerala University of Digital Sciences, Innovation and Technology Knowledge Centre Kerala University of Digital Sciences, Innovation and Technology Knowledge Centre 15/06/2022   15/06/2022 15/06/2022 E-Books